Economics : (Record no. 284374)
[ view plain ]
| 000 -LEADER | |
|---|---|
| fixed length control field | 00714nam a22002657a 4500 |
| 003 - CONTROL NUMBER IDENTIFIER | |
| control field | OSt |
| 005 - DATE AND TIME OF LATEST TRANSACTION | |
| control field | 20150527085107.0 |
| 008 - FIXED-LENGTH DATA ELEMENTS--GENERAL INFORMATION | |
| fixed length control field | 130814t xxu||||| |||| 00| 0 eng d |
| 020 ## - INTERNATIONAL STANDARD BOOK NUMBER | |
| International Standard Book Number | 9780199134137 |
| 050 ## - LIBRARY OF CONGRESS CALL NUMBER | |
| Classification number | HB 171.5 |
| Item number | .M938 2000 |
| 082 ## - DEWEY DECIMAL CLASSIFICATION NUMBER | |
| Classification number | HS 330 |
| Item number | M87 2000 |
| 100 ## - MAIN ENTRY--PERSONAL NAME | |
| Personal name | Moynihan, Dan |
| 9 (RLIN) | 10201 |
| 245 ## - TITLE STATEMENT | |
| Title | Economics : |
| Remainder of title | a complete course / |
| Statement of responsibility, etc | Dan Moynihan, Brian Titley. |
| 250 ## - EDITION STATEMENT | |
| Edition statement | 3rd ed. |
| 260 ## - PUBLICATION, DISTRIBUTION, ETC. (IMPRINT) | |
| Place of publication, distribution, etc | New York : |
| Name of publisher, distributor, etc | Oxford University Press, |
| Date of publication, distribution, etc | 2000. |
| 300 ## - PHYSICAL DESCRIPTION | |
| Extent | 439 pages : |
| Other physical details | illustrations ; |
| Dimensions | 26 cm. |
| 500 ## - GENERAL NOTE | |
| General note | Includes index. |
| 650 ## - SUBJECT ADDED ENTRY--TOPICAL TERM | |
| Topical term or geographic name as entry element | Economics |
| 9 (RLIN) | 7586 |
| 700 ## - ADDED ENTRY--PERSONAL NAME | |
| Personal name | Titley, Brian. |
| 942 ## - ADDED ENTRY ELEMENTS (KOHA) | |
| Source of classification or shelving scheme | Library of Congress Classification |
| Koha item type | Books |
| Withdrawn status | Lost status | Source of classification or shelving scheme | Damaged status | Home library | Current library | Shelving location | Date acquired | Source of acquisition | Total Checkouts | Full call number | Barcode | Date last seen | Price effective from | Koha item type | Total Renewals | Date checked out | Sub Shelving location |
|---|---|---|---|---|---|---|---|---|---|---|---|---|---|---|---|---|---|
| Library of Congress Classification | Archives | Archives | 01/05/2016 | Donation | HB 171.5 .M938 2000 | C20344 | 05/15/2018 | 01/05/2016 | Books | ||||||||
| Library of Congress Classification | College Library | College Library | General Circulation Section | 05/26/2015 | Library Fund | HB 171.5 .M938 2000 | C19396 | 05/15/2018 | 05/26/2015 | Books | |||||||
| Library of Congress Classification | College Library | College Library | General Circulation Section | 05/27/2015 | Library Fund | 2 | HB 171.5 .M938 2000 | C19403 | 05/15/2018 | 05/27/2015 | Books | 15 | 01/11/2017 | ||||
| Library of Congress Classification | College Library | College Library | General Circulation Section | 01/05/2016 | Donation | HB 171.5 .M938 2000 | C20345 | 05/15/2018 | 01/05/2016 | Books |